[Event "Urals-ch"]
[Site "Khanty-Mansiysk"]
[Date "2021.03.17"]
[Round "7"]
[White "Makov, Artem"]
[Black "Ryabikov, Vladislav"]
[Result "1/2-1/2"]
[WhiteElo "1948"]
[BlackElo "1840"]
[PlyCount "80"]
[EventDate "2021.03.11"]
[EventType "swiss"]
[EventRounds "9"]
[EventCountry "RUS"]
[SourceTitle "CBM 201 Extra"]
[Source "ChessBase"]
[SourceDate "2021.05.31"]
[SourceVersion "1"]
[SourceVersionDate "2021.05.31"]
[SourceQuality "1"]

1. d4 Nf6 2. Nf3 g6 3. c4 Bg7 4. Nc3 d6 5. e4 0-0 6. Be2 e5 7. Be3 exd4 8. Nxd4 Re8 9. f3 c6 10. Bf2 d5 11. exd5 cxd5 12. c5 Nc6 13. 0-0 Nh5 14. Re1 Qg5 15. Nxc6 bxc6 16. Bf1 Bd7 17. Qa4 Nf4 18. Kh1 Rxe1 19. Rxe1 Ne6 20. Rd1 d4 21. Ne4 Nxc5 22. Nxg5 Nxa4 23. Bxd4 Be8 24. Bxg7 Kxg7 25. Rd2 Rb8 26. b3 Nc3 27. f4 a5 28. Bc4 a4 29. Kg1 axb3 30. axb3 Nd5 31. Rd4 Ne3 32. Be2 Nf5 33. Rd3 c5 34. Rh3 h6 35. Ne4 Nd4 36. Bc4 Bb5 37. Nxc5 Bxc4 38. bxc4 Rc8 39. Nb3 Nxb3 40. Rxb3 Rxc4 1/2-1/2

[Event "Urals-ch"]
[Site "Khanty-Mansiysk"]
[Date "2021.03.15"]
[Round "5"]
[White "Erokhin, Artem"]
[Black "Ryabikov, Vladislav"]
[Result "1/2-1/2"]
[WhiteElo "1807"]
[BlackElo "1840"]
[PlyCount "114"]
[EventDate "2021.03.11"]
[EventType "swiss"]
[EventRounds "9"]
[EventCountry "RUS"]
[SourceTitle "CBM 201 Extra"]
[Source "ChessBase"]
[SourceDate "2021.05.31"]
[SourceVersion "1"]
[SourceVersionDate "2021.05.31"]
[SourceQuality "1"]

1. e4 e6 2. d4 d5 3. Bd3 dxe4 4. Bxe4 Nf6 5. Bf3 c5 6. Ne2 Nc6 7. Be3 Nd5 8. c4 Nxe3 9. fxe3 Be7 10. Nbc3 Bg5 11. Bxc6+ bxc6 12. Qd3 0-0 13. 0-0 cxd4 14. exd4 e5 15. d5 f5 16. Rad1 Qb6+ 17. Kh1 e4 18. Qg3 h6 19. dxc6 Qxc6 20. b3 Bb7 21. Nd5 Rae8 22. Nd4 Qc8 23. h4 Bd8 24. Qg6 Re5 25. Nf4 e3 26. Nde6 Bf6 27. Nxf8 e2 28. Nh7 exf1R+ 29. Rxf1 Bxh4 30. Nh5 Qc7 31. N7f6+ Bxf6 32. Nxf6+ Kf8 33. Nh7+ Kg8 34. Nf6+ Kf8 35. Ng4 Ra5 36. Rxf5+ Rxf5 37. Qxf5+ Kg8 38. Ne5 Qd6 39. Qf7+ Kh7 40. Qf5+ Kg8 41. Ng6 Qd1+ 42. Kh2 Qe2 43. Nf4 Qxa2 44. Qe6+ Kh7 45. Qg6+ Kg8 46. Qe8+ Kh7 47. Qg6+ Kg8 48. Ne6 Qb2 49. c5 Qe5+ 50. Kh3 Bc6 51. Nxg7 Qc3+ 52. g3 Qxg7 53. Qxc6 Qf7 54. Qxh6 Qf1+ 55. Kg4 Qd1+ 56. Kf5 Qd5+ 57. Kg4 Qd1+ 1/2-1/2

[Event "Urals-ch"]
[Site "Khanty-Mansiysk"]
[Date "2021.03.13"]
[Round "3"]
[White "Meydi, Igor"]
[Black "Ryabikov, Vladislav"]
[Result "1/2-1/2"]
[WhiteElo "1678"]
[BlackElo "1840"]
[PlyCount "80"]
[EventDate "2021.03.11"]
[EventType "swiss"]
[EventRounds "9"]
[EventCountry "RUS"]
[SourceTitle "CBM 201 Extra"]
[Source "ChessBase"]
[SourceDate "2021.05.31"]
[SourceVersion "1"]
[SourceVersionDate "2021.05.31"]
[SourceQuality "1"]

1. d4 g6 2. g3 Bg7 3. Bg2 Nf6 4. c4 d6 5. Nc3 0-0 6. Nf3 c6 7. e4 Nbd7 8. 0-0 e5 9. dxe5 Nxe5 10. Nxe5 dxe5 11. Be3 Be6 12. b3 Qe7 13. h3 Rfd8 14. Qc2 Nd7 15. Rad1 Nc5 16. Kh2 Bf8 17. Rxd8 Rxd8 18. Rd1 Rxd1 19. Qxd1 a5 20. Qd2 f6 21. f3 Kf7 22. h4 Qd6 23. Bf1 Qxd2+ 24. Bxd2 Be7 25. Kg2 Bd8 26. Kf2 Bb6 27. Be3 Ke7 28. a3 Nd7 29. Bxb6 Nxb6 30. c5 Nd7 31. b4 axb4 32. axb4 b6 33. cxb6 Nxb6 34. Ke3 Kd6 35. f4 Nc4+ 36. Bxc4 Bxc4 37. Na4 Be6 38. Nc5 Bc8 39. Na4 Be6 40. Nc5 Bc8 1/2-1/2

[Event "Urals-ch"]
[Site "Khanty-Mansiysk"]
[Date "2021.03.12"]
[Round "2"]
[White "Ryabikov, Vladislav"]
[Black "Dorokhin, Ivan"]
[Result "1/2-1/2"]
[WhiteElo "1840"]
[BlackElo "1593"]
[PlyCount "76"]
[EventDate "2021.03.11"]
[EventType "swiss"]
[EventRounds "9"]
[EventCountry "RUS"]
[SourceTitle "CBM 201 Extra"]
[Source "ChessBase"]
[SourceDate "2021.05.31"]
[SourceVersion "1"]
[SourceVersionDate "2021.05.31"]
[SourceQuality "1"]

1. d4 Nf6 2. Nf3 c5 3. d5 e6 4. Nc3 d6 5. dxe6 Bxe6 6. e4 Nc6 7. Bg5 Be7 8. Qd2 Qd7 9. Be2 a6 10. 0-0-0 Rd8 11. Bxf6 Bxf6 12. Nd5 Bxd5 13. exd5 Ne7 14. h4 Qa4 15. Kb1 h5 16. Ng5 g6 17. Bf3 Kf8 18. Ne4 Bg7 19. Rhe1 Qd4 20. Qc1 Bh6 21. Rxd4 Bxc1 22. Rdd1 Bh6 23. g3 Nf5 24. c3 Kg7 25. Bg2 Rhe8 26. Bh3 Ne7 27. Re2 b5 28. f4 f5 29. Ng5 Bxg5 30. hxg5 Nc8 31. Rde1 Rxe2 32. Rxe2 Kf7 33. Re6 Rd7 34. Bg2 Re7 35. Rxe7+ Kxe7 36. Kc2 Nb6 37. b3 Kd7 38. Kd2 Ke7 1/2-1/2

[Event "Urals-ch"]
[Site "Khanty-Mansiysk"]
[Date "2021.03.11"]
[Round "1"]
[White "Remizov, Yaroslav"]
[Black "Ryabikov, Vladislav"]
[Result "1-0"]
[WhiteElo "2411"]
[BlackElo "1840"]
[PlyCount "49"]
[EventDate "2021.03.11"]
[EventType "swiss"]
[EventRounds "9"]
[EventCountry "RUS"]
[SourceTitle "CBM 201 Extra"]
[Source "ChessBase"]
[SourceDate "2021.05.31"]
[SourceVersion "1"]
[SourceVersionDate "2021.05.31"]
[SourceQuality "1"]

1. e4 e6 2. d4 d5 3. exd5 exd5 4. Nf3 Bg4 5. h3 Bh5 6. c4 Bb4+ 7. Nc3 Ne7 8. g4 Bg6 9. Bg2 Be4 10. 0-0 Bxc3 11. bxc3 0-0 12. Re1 Nbc6 13. cxd5 Bxd5 14. Qd3 Ng6 15. Rb1 Rb8 16. Rb2 Bxf3 17. Qxf3 Nh4 18. Qe4 Nxg2 19. Kxg2 Na5 20. Rb5 Nc4 21. Rxb7 Nd6 22. Rxb8 Qxb8 23. Qc6 h5 24. gxh5 Qb1 25. Qxc7 1-0

[Event "Eurasia Cup op"]
[Site "Ekaterinburg"]
[Date "2019.08.06"]
[Round "6"]
[White "Tanygin, Valerij"]
[Black "Ryabikov, Vladislav"]
[Result "1-0"]
[WhiteElo "1964"]
[BlackElo "1719"]
[PlyCount "77"]
[EventDate "2019.07.31"]
[EventType "swiss"]
[EventRounds "9"]
[EventCountry "RUS"]
[SourceTitle "CBM 191 Extra"]
[Source "ChessBase"]
[SourceDate "2019.09.30"]
[SourceVersion "1"]
[SourceVersionDate "2019.09.30"]
[SourceQuality "1"]

1. c4 Nf6 2. Nc3 g6 3. e4 d6 4. d3 c5 5. Bg5 Bg7 6. Qd2 Nc6 7. Be2 Bd7 8. Rb1 Rb8 9. Bh6 0-0 10. h4 e6 11. h5 Qe7 12. Bg5 Nd4 13. f4 h6 14. Bh4 Qe8 15. Bxf6 Bxf6 16. hxg6 fxg6 17. Rxh6 Kg7 18. Rh1 Rh8 19. Nh3 Bh4+ 20. Kf1 Qf7 21. Kg1 Bg3 22. Rf1 b5 23. cxb5 Bxb5 24. Nxb5 Rxb5 25. b3 Qb7 26. Ng5 Rh4 27. Rxh4 Bxh4 28. Bg4 Bxg5 29. fxg5 Qe7 30. e5 Rb8 31. Qe3 Nf5 32. Bxf5 exf5 33. e6 Rh8 34. d4 Rh5 35. dxc5 Kf8 36. Qd4 Qh7 37. cxd6 Rh4 38. Qf6+ Kg8 39. Qd8+ 1-0

[Event "Eurasia Cup op"]
[Site "Ekaterinburg"]
[Date "2019.08.03"]
[Round "4"]
[White "Pogromsky, Mikhail"]
[Black "Ryabikov, Vladislav"]
[Result "1-0"]
[WhiteElo "2414"]
[BlackElo "1731"]
[PlyCount "37"]
[EventDate "2019.07.31"]
[EventType "swiss"]
[EventRounds "9"]
[EventCountry "RUS"]
[SourceTitle "CBM 191 Extra"]
[Source "ChessBase"]
[SourceDate "2019.09.30"]
[SourceVersion "1"]
[SourceVersionDate "2019.09.30"]
[SourceQuality "1"]

1. Nf3 Nf6 2. b3 g6 3. Bb2 Bg7 4. g3 0-0 5. Bg2 d5 6. c4 c5 7. cxd5 Nxd5 8. Bxg7 Kxg7 9. 0-0 Nc6 10. d4 cxd4 11. Nxd4 Nxd4 12. Qxd4+ Nf6 13. Qe5 Qb6 14. Nc3 Be6 15. Na4 Qb4 16. Nc5 Bd5 17. Qxe7 Qb5 18. Bxd5 Nxd5 19. Qe5+ 1-0

[Event "Eurasia Cup op"]
[Site "Ekaterinburg"]
[Date "2019.08.02"]
[Round "3"]
[White "Ryabikov, Vladislav"]
[Black "Polosin, Evgeni"]
[Result "1-0"]
[WhiteElo "1731"]
[BlackElo "2153"]
[PlyCount "43"]
[EventDate "2019.07.31"]
[EventType "swiss"]
[EventRounds "9"]
[EventCountry "RUS"]
[SourceTitle "CBM 191 Extra"]
[Source "ChessBase"]
[SourceDate "2019.09.30"]
[SourceVersion "1"]
[SourceVersionDate "2019.09.30"]
[SourceQuality "1"]

1. d4 Nf6 2. c4 c5 3. d5 g6 4. Nf3 Bg7 5. Nc3 0-0 6. e4 d6 7. h3 b5 8. cxb5 a6 9. bxa6 Nxa6 10. Be2 Qb6 11. Nd2 Nc7 12. Nc4 Qa7 13. 0-0 Ba6 14. a4 Rfb8 15. Qc2 Nd7 16. Bg5 Nf8 17. Rab1 h6 18. Be3 Bxc4 19. Bxc4 Qb7 20. Nb5 Na6 21. Qd2 h5 22. f4 1-0